Personnages liés à une ville - Statistiques

Statistiques générales
  • Ce quiz a été pris 2 359 fois
  • Le résultat moyen est 11 sur 15
Statistiques - réponses
Personnalité Ville % Correct
Jules César Rome
99%
Sherlock Holmes Londres
98%
Victor Hugo Paris
98%
Sigmund Freud Vienne
87%
Périclès Athènes
86%
The Beatles Liverpool
79%
Woody Allen New York
79%
Anne Frank Amsterdam
72%
Cléopâtre VII Alexandrie
70%
Mahomet La Mecque
70%
Laurent de Médicis Florence
63%
Al Capone Chicago
60%
Wolfgang Amadeus Mozart Salzbourg
51%
Ken Kaneki Tokyo
49%
Pierre Ier le Grand Saint-Pétersbourg
40%
Aucun quiz correspondant
Distribution des résultats
% des personnes avec chaque résultat
Percentile par nombre de réponses
Votre historique - résultats
Vous n’avez pas pris ce quiz